| 000 | 00523 a2200193 4500 | ||
|---|---|---|---|
| 999 |
_c8631 _d8631 |
||
| 020 | _a0869226932 | ||
| 050 | 0 | 0 | _aPL8547 SIB 1968 |
| 100 | 1 | _aSibanda, A. M. P. | |
| 245 | 1 | 0 |
_aWangikholisa / _cA.M.P. Sibanda |
| 264 |
_aGweru: _bMambo press, _c1968 |
||
| 300 | _a72 p. ; | ||
| 500 | _anovel in Ndebele. | ||
| 650 | _a Ndebele language (Zimbabwe) -- Texts. | ||
| 650 | _aNdebele -- Fiction | ||
| 650 | _aNdebele language (Zimbabwe) | ||
| 651 | _aZimbabwe | ||
| 942 |
_2lcc _cBK _h8547 _iSIB _kPL |
||